00754nas a2200217Ia 4500001001100000003000900011008004100020040001300061040001300074041001300087100004500100210003700145222003700182245010400219250001100323260002600334501008600360300002000446362002700466650004300493R111/44662IT-RoPAU151124c99999999xx |||||||||||| ||und|| aIT-RoPAU cIT-RoPAU aITALIANO aSheehan ThomasgCodice Aut. SPICS: 30317 aCOMUNICAZIONE DI MASSA (SUGARCO) aComunicazione Di Massa (Sugarco) aCOMUNICAZIONE DI MASSA (SUGARCO), ANNO 01-VOL.3 (1980)bFine Della Mediazione? Miti Dell'Apocalisse a1a ed. aMILANObSUGARCOc1980 bPaulus - SPICS - Società San Paolo EM (non-commercial uses only)cCopyright2015 a12 p. [121-132] aANNO 001, VOL.3 (1980) aCOMUNICAZIONEvPUBBLICAZIONE PERIODICA